Intellectual capital : the new wealth of organizations

Bibliographic Details
Main Author: Stewart, Thomas A.
Format: Book
Published: London : Nicholas Brealey , 1997
Subjects:

MARC

LEADER 00000cam a2200000 7i4500
001 0000006628
005 20030123.0
020 |a 1857881826 
040 |a INS 
090 0 0 |a HD53.   |b S74 1997 
100 1 |a Stewart, Thomas A. 
245 1 0 |a Intellectual capital :   |b the new wealth of organizations   |c Thomas A. Stewart 
260 |a London :   |b Nicholas Brealey ,   |c 1997 
300 |a 246 p. ;   |c 24 cm. 
650 0 0 |a Intellectual capital 
999 |a 0000007662   |b BOOK   |c Microfiche   |e Default branch